000
00236nam a2200097Ia 4500
008
240331s9999 xx 000 0 und d
082
_b
GID
100
_a
Giddens, A
245
4
_a
The third way :
_b
the renewal of social democracy
942
_c
L
999
_c
2254
_d
2254